| 000 | 00368nam a2200145Ia 4500 | ||
|---|---|---|---|
| 008 | 220216s9999 xx 000 0 und d | ||
| 100 | _aJose Paul M | ||
| 245 | 0 | _aProtein allergy in NR latex products | |
| 260 |
_bRubber India _c2000 |
||
| 300 | _a15-Nov | ||
| 650 | _aNR latex products | ||
| 650 | _aPolyurethane gloves | ||
| 650 | _aProtein allergy | ||
| 942 | _cJS | ||
| 999 |
_c66055 _d66055 |
||